Exploraciones en las vías romanas de Bergido a Asturica, y de Cataluña, Valencia y Jaén (Record no. 181767)
[ view plain ]
| 000 -LEADER | |
|---|---|
| campo de control de longitud fija | 01062nam a2200229 i 4500 |
| 001 - NÚMERO DE CONTROL | |
| campo de control | 181767 |
| 003 - IDENTIFICADOR DE NÚMERO DE CONTROL | |
| campo de control | ES-MaACL |
| 005 - FECHA Y HORA DE LA ÚLTIMA TRANSACCIÓN | |
| campo de control | 20251011063159.0 |
| 008 - DATOS DE LONGITUD FIJA--INFORMACIÓN GENERAL | |
| campo de control de longitud fija | 130325s1925 sp | |||| ||spa d |
| 080 ## - NÚMERO DE LA CLASIFICACIÓN DECIMAL UNIVERSAL | |
| Número de la Clasificación Decimal Universal | 904:625.711.1(37:460) |
| 100 1# - ENTRADA PRINCIPAL--NOMBRE DE PERSONA | |
| Nombre de persona | Blázquez, Antonio, |
| Fechas asociadas al nombre | 1859-1950 |
| 9 (RLIN) | 29437 |
| 245 10 - MENCIÓN DEL TÍTULO | |
| Título | Exploraciones en las vías romanas de Bergido a Asturica, y de Cataluña, Valencia y Jaén |
| Resto del título | : memoria / |
| Mención de responsabilidad, etc. | redactada por Antonio Blázquez y Delgado-Aguilera y Ángel Blázquez y Jiménez. |
| 260 ## - PUBLICACIÓN, DISTRIBUCIÓN, ETC. | |
| Lugar de publicación, distribución, etc. | Madrid : |
| Nombre del editor, distribuidor, etc. | [s.n.], |
| Fecha de publicación, distribución, etc. | 1925 ( |
| Fabricante | Tip. de la "Rev. deArchivos, Bibliotecas y museos") |
| 300 ## - DESCRIPCIÓN FÍSICA | |
| Extensión | 19 p., VI lám. ; |
| Dimensiones | 24 cm. |
| 490 1# - MENCIÓN DE SERIE | |
| Mención de serie | Junta Superior de Excavaciones y Antigüedades ; |
| Designación de volumen o secuencia | n. 69 = n. 9, 1923-24 |
| 650 04 - PUNTO DE ACCESO ADICIONAL DE MATERIA--TÉRMINO DE MATERIA | |
| Término de materia o nombre geográfico como elemento de entrada | Vías romanas- |
| Subdivisión geográfica | España. |
| 9 (RLIN) | 17785 |
| 700 1# - ENTRADA AGREGADA--NOMBRE PERSONAL | |
| Nombre de persona | Blázquez y Jiménez, Angel. |
| 9 (RLIN) | 152479 |
| 710 2# - ENTRADA AGREGADA--NOMBRE DE ENTIDAD CORPORATIVA | |
| Nombre de entidad corporativa o nombre de jurisdicción como elemento de entrada | España. |
| Unidad subordinada | Junta Superior de Excavaciones y Antigüedades. |
| 9 (RLIN) | 152463 |
| 830 0# - PUNTO DE ACCESO ADICIONAL DE SERIE-TÍTULO UNIFORME | |
| Título uniforme | Junta Superior de Excavaciones y Antigüedades ; |
| Designación de volumen o secuencia | n. 69 = n. 9, 1923-24 |
| 9 (RLIN) | 191570 |
| 852 ## - LOCALIZACIÓN | |
| Ubicación | ES-MaACL |
| Número de control de estantería | E-3373(9) |
| Estatus retirado | Estado de pérdida | Estado de daño | No para préstamo | Biblioteca de origen | Biblioteca actual | Ubicación en estantería | Fecha de adquisición | Fuente de adquisición | Total de préstamos | Signatura topográfica completa | Código de barras | Visto por última vez | Precio de reemplazo | Tipo de ítem Koha |
|---|---|---|---|---|---|---|---|---|---|---|---|---|---|---|
| Biblioteca del Ateneo de Madrid | Biblioteca del Ateneo de Madrid | Depósito 2 | 25/03/2013 | E-3373(9) | 1191017 | 23/02/2023 | 23/02/2023 | Libro impreso |
